| 000 | 01250nam a22002417a 4500 | ||
|---|---|---|---|
| 005 | 20220428114205.0 | ||
| 008 | 220428b ||||| |||| 00| 0 eng d | ||
| 040 | _cAloy | ||
| 041 | _aeng | ||
| 082 |
_223 _a158.1 _bJAIT |
||
| 100 |
_aDharmesh S Jain _932621 |
||
| 245 | _aThere is a winner in you | ||
| 260 |
_aMumbai _bCentre for AID,Rehabilitation or Education Trust _c1997 |
||
| 300 |
_avi,78p. _bHB _c21x15cm |
||
| 365 | _2Psychology | ||
| 520 | _aThere is a Winner in You is a compilation of quotes from one of the greatest motivators and businessmen of our time. This is book is for anybody who wants the motivation and inspiration to achieve the dreams that they have. The dreams could be anything from wanting to be a better parent to being a more successful businessperson or even becoming a better student. This book is an honest attempt to make you realise your own potential, to make you explore your inner strengths, to instill in you an ambition to be the best. There is a winner in you, this book is an attempt to help you awaken that winner. | ||
| 650 |
_aDream _932622 |
||
| 650 |
_aStrength _932623 |
||
| 650 |
_aIndianism _932624 |
||
| 650 |
_aHappiness _932625 |
||
| 700 |
_aJAIN (Dharmesh S) _932626 |
||
| 942 |
_2ddc _cGF |
||
| 999 |
_c222696 _d222696 |
||